000 00627nam a22001937a 4500
005 20251108175145.0
008 250721s2013 xx 000 0 ara d
082 1 4 _a343.034/داو
100 1 _aالداودي، زينب كريم
245 1 0 _aدور الإدارة في إعداد و تنفيذ الموازنة العامة /
264 1 _aعمان :
_bدار صفاء للنشر والتوزيع،
_c2013.
300 _a429ص.
650 1 7 _aالادارة
650 1 7 _aالمالية العامة
650 1 7 _aالميزانية العامة
650 1 7 _aالقانون
942 _2ddc
_cBK
999 _c127505
_d127505